000 00639nam a2200241Ia 4500
003 OSt
005 20221007101443.0
006 a|||||r|||| 00| 0
007 ta
008 221006b |||||||| |||| 00| 0 eng d
024 _a6,495
037 _cTextual
040 _aLCO
_cLCO
_beng
041 _2eng
_aeng
082 _aZ5931,3, L3
100 _aSINCLAIR I M
_9702854
245 0 _aThe Vienna convention on Law of Treaties.
260 _aManchester
_bManchester Univ. Press
_c1973
300 _a150
650 _aTREATIES
_9670790
942 _hZ5931,3, L3
_cTEXL
999 _c1176058
_d1176058